Thời gian quý hơn vàng ngọc Nghệ thuật sống và làm việc theo khoa học - Sách tham khảo
Gorde:
| Egile nagusia: | |
|---|---|
| Formatua: | Liburua |
| Hizkuntza: | Vietnamese |
| Argitaratua: |
Hà Nội
Lao động
2005
|
| Gaiak: | |
| Etiketak: |
Etiketa erantsi
Etiketarik gabe, Izan zaitez lehena erregistro honi etiketa jartzen!
|
| Thư viện lưu trữ: | Trung tâm Học liệu Lê Vũ Hùng, Trường Đại học Đồng Tháp |
|---|
| LEADER | 00928pam a22003258a 4500 | ||
|---|---|---|---|
| 001 | 00034403 | ||
| 008 | 160822s2005 ||||||viesd | ||
| 005 | 20171026081025.0 | ||
| 020 | |c 16000 | ||
| 041 | 0 | # | |a vie |
| 082 | 1 | 4 | |a 158.1 |b TH462GI |
| 100 | 1 | # | |a Phạm, Côn Sơn |
| 245 | 1 | 0 | |a Thời gian quý hơn vàng ngọc |c Phạm Côn Sơn |b Nghệ thuật sống và làm việc theo khoa học - Sách tham khảo |
| 260 | # | # | |a Hà Nội |b Lao động |c 2005 |
| 300 | # | # | |a 127 tr. |c 21 cm. |
| 653 | # | # | |a Cuộc sống |
| 653 | # | # | |a Tâm lý học |
| 653 | # | # | |a Trải nghiệm |
| 653 | # | # | |a Thời gian |
| 653 | # | # | |a Kỹ năng |
| 852 | # | # | |j KD.0017696 |
| 852 | # | # | |b Kho đọc |j KD.0017696 |
| 910 | |d 22/08/2016 | ||
| 980 | # | # | |a Trung tâm Học liệu Lê Vũ Hùng, Trường Đại học Đồng Tháp |